000 01119nam a22003377a 4500
001 BR7601688
003 BR-BrBNA
005 20230928084930.0
007 ta
008 230509b bl.||||| |||| 00| 0 por d
040 _aBR-BrBNA
_bpor
_cBiblioteca Nacional de Agricultura
041 _a(Por)
072 _aN20
090 _ N20 BR7601688
100 1 _aAndrade, I.G. de
100 1 _aAlvarenga, E.G. de
100 1 _aFerreira, T. de A.
100 1 _aGrandi, L.A.
110 1 _aEscola Superior de Agricultura de Lavras, MG (Brasil). Depto. de Engenharia Rural;
_94359
110 1 _aInstituto Nacional de Colonizacao e Reforma Agraria, Belo Horizonte, MG (Brasil). Coordenadoria Regional de Minas Gerais
_96406
245 1 _aManejo e manutencao de maquinas agricolas. - Seguranca em operacao de maquinas agricolas. Oficina rural
_bv. 4
260 3 _aLavras, MG (Brasil):
_c1976.
300 _a67 p.
500 _a113 illus.; 6 ref.
650 _aEQUIPAMENTO RURAL
650 _aMAQUINA AGRICOLA
650 _aFERRAMENTA
650 _aTRATOR
909 _a202309
_bLucia
_c55
_dLucia Elande
942 _cBK
999 _c21958
_d21958